Chronologie událostí 17.11.1989-1.1.1990 dokumentovaná bibliografickými citacemi z denního tisku
Salvato in:
| Autore principale: | |
|---|---|
| Natura: | Libro |
| Lingua: | ceco |
| Pubblicazione: |
Praha
Městská knihovna
1990
|
| Tags: |
Nessun Tag, puoi essere il primo ad aggiungerne!!
|
MARC
| LEADER | 00000nam a2200000 4500 | ||
|---|---|---|---|
| 001 | c025862 | ||
| 005 | 20250613075331.1 | ||
| 041 | 0 | |a cze | |
| 044 | |a CZ | ||
| 245 | 1 | 0 | |a Chronologie událostí 17.11.1989-1.1.1990 dokumentovaná bibliografickými citacemi z denního tisku |c Leopold Kühr |
| 264 | 1 | |a Praha |b Městská knihovna |c 1990 | |
| 300 | |a 83 s. | ||
| 100 | 1 | |a Kühr, Leopold | |